• 首页
  • 本馆介绍
  • 公告通知
  • 最新文献
  • 馆藏检索
  • 电子资源
  • 读者导购
  • 参考咨询
  • 我的图书馆
  • 登录
  • 详细信息显示
  • 放入我的书架
  • 预约/预借图书
  • 作者相关作品
  • 分类相关作品
  • 丛书相关作品
  • 出版社相关作品

书目信息

  • 表格格式
  • 工作单格式
  • 卡片格式
题名:
血液生理学专辑
    
 
作者: 易见龙 主编 ;卢义钦 编写
分册:  
出版信息: 北京   人民卫生出版社  1965
页数: 449页
开本: 26cm
丛书名:
单 册:
中图分类: R331.1
科图分类:
主题词: 血液--人体生理学
电子资源:
ISBN: 14048.3055
000 00730cam0 2200241 450
001 0105501892
005 20071120150635.0
010    @a14048.3055@dCNY4.60
091    @a14048.3055@b精装@dCNY4.60
100    @a19960312d1965 em y0chiy0110 ea
101 0  @achi
102    @aCN@b110000
105    @af z 000yy
106    @ar
200 1  @a血液生理学专辑@9Xue;Xie Ye Sheng Li Xue Zhuan Ji @f易见龙等主编@g卢义钦等编写@b专著
210    @a北京@c人民卫生出版社@d1965
215    @a449页@c图表@d26cm
606 0  @a血液@x人体生理学
690    @aR331.1@v3
701  0 @a易见龙@f(1904~2003)@9yi jian long@4主编
702  0 @a卢义钦@f(1928~)@9lu yi qin@4编写
801  0 @aCN@b上海图书馆@c19970403
905    @aBZT@dR331.1@e5@f3@sR331.1/5
    
    血液生理学专辑/易见龙等主编/卢义钦等编写.-北京:人民卫生出版社,1965
    449页:图表;26cm
    
    
    ISBN 14048.3055:CNY4.60
    
●
相关链接 在五车中查询图书 在当当中查询图书 在豆瓣中查询图书


正题名:血液生理学专辑     索取号:R331.1/5         预约/预借

序号 登录号 条形码 馆藏地/架位号 状态 备注
1 2000045888   2000045888   旧书回溯/ [索取号:R331.1/5] 在馆    
2 2000147043   2000147043   旧书回溯/ [索取号:R331.1/5] 在馆    
3 2000147044   2000147044   旧书回溯/ [索取号:R331.1/5] 在馆    
山东省滨州职业学院图书馆 欢迎您!
大连网信软件有限公司© 版权所有